Vitamine - Statistics

Statistiche generali
  • Questo quiz è stato fatto 20 volte
  • Il punteggio medio è 4 su 13
Statistiche sulle risposte
con Immagini Risposta % Corretto
A
100%
D
95%
E
95%
K
68%
Acido ascorbico, C
5%
Acido folico, B9, M
5%
Acido pantotenico, B5
5%
Biotina, B8, H
5%
Cianocobalamina, B12
5%
Nicotinamide, B3, PP
5%
Piridossina, B6
5%
Riboflavina, B2
5%
Tiamina, B1
5%
Nessun quiz corrispondente trovato
Distribuzione punteggi
Percentuale di utenti per punteggio
Percentile per numero di risposta
I tuoi punteggi nel tempo
Non hai fatto questo quiz